000 00802nam a2200241 a 4500
005 20220526063418.0
008 120426s2006 es r 000 0 spa d
020 _a8426361552
035 _aUPN01000184282
049 _aI
050 4 _aPZ23
_bJ6.6
100 1 _aJolibois, Christian,
_d1948-
_932144
245 1 4 _aLos piratas de Shangái /
_cChristian Jolibois ; il. de Christian Heinrich ; tr. Ana Ma. Navarrete Curbelo.
260 _aZaragoza, Esp. :
_bEdelvives,
_c2006.
300 _a44 p. :
_bil. col.
440 0 _aSOS princesas ;
_v4
534 _pTítulo original:
_tAux mains des pirates
650 0 _aCuentos infantiles franceses
_98588
650 4 _aPRINCESAS -
_vLITERATURA INFANTIL
_911041
650 4 _aPIRATAS -
_vLITERATURA INFANTIL
_97727
905 _aInfantil
999 _c156385
_d156385